00836nam a22002297a 450000500170000000800410001702000150005804000090007304100080008208200180009010000190010824500250012726000400015230000280019236500120022044000250023252002790025765000190053665000120055565000180056770000210058520220513091649.0220513b ||||| |||| 00| 0 eng d a8173710171 cAloy aeng 223a530bVENS aG Venkataraman aSaha and his formula aHyderabadbUniversities Pressc1995 axii,194p.bPBc21x14cm. 2Physics aVignettes in Physics aA great leap forward in unravelling the mysteries of the Sun occurred way back in 1920 when Meghnad Saha made an important discovery that paved the way for a systematic study of stellar atmospheres in general. This book is about that great discovery and the man who made it. aAtomic Spectra aPhysics aRiver Physics aVENKATARAMAN (G)